01366nam a2200325 a 4500001001100000003000800011006001900019007001500038008004100053010001700094020002800111040002100139035002000160050002300180082002300203245009600226260004700322300001400369490006500383504006600448533015200514650002900666650003700695651005800732655002900790700002500819710001700844830005400861856012500915ebr5004442CaPaEBRm u cr cn|||||||||960814s1997 ctu sb 001 0 eng  z 96041469  z0313300631 (alk. paper) aCaPaEBRcCaPaEBR a(OCoLC)4985744914aJL966b.I34 1997eb04a320.5/098/090422000aIdeologues and ideologies in Latin Americah[electronic resource] /cedited by Will Fowler. aWestport, Conn. :bGreenwood Press,c1997. ax, 211 p.1 aContributions in Latin American studies,x1054-6790 ;vno. 9 aIncludes bibliographical references (p. [187]-196) and index. aElectronic reproduction.bPalo Alto, Calif. :cebrary,d2013.nAvailable via World Wide Web.nAccess may be limited to ebrary affiliated libraries. 0aIdeologyzLatin America. 0aSocial movementszLatin America. 0aLatin AmericaxPolitics and governmenty20th century. 7aElectronic books.2local1 aFowler, Will,d1966-2 aebrary, Inc. 0aContributions in Latin American studies ;vno. 9.40uhttp://site.ebrary.com/lib/rucke/Doc?id=5004442zAn electronic book accessible through the World Wide Web; click to view